000 00691nam a2200229 a 4500
001 850
003 BR-CuiBMT
005 20231122191658.0
008 231121b2012 spb 000 0 por d
020 _a8539201313
040 _aBR-CuiBMT
_cBR-CuiBMT
080 _22007
_a342.4
090 _a342.4
_bL383i
100 1 _aLaurentiis, Lucas Catib de
245 _aInterpretação conforme a Constituição :
_bconceito, técnicas e efeitos /
_cLucas Catib de Laurentiis.
260 _aSão Paulo :
_bMalheiros,
_c2012.
300 _a296 p.:
_c21cm
504 _aInclui bibliografia.
650 _aControle de constitucionalidade
_zBrasil
650 _aHermenêutica (Direito)
942 _2udc
_cLV
999 _c850
_d850